Quantitative expression analysis of stress responsive genes under cold stress in Hevea brasiliensis (Record no. 46777)

MARC details
000 -LEADER
fixed length control field 00723nam a2200265Ia 4500
100 ## - MAIN ENTRY--AUTHOR NAME
Personal name Sathik M B M
245 #0 - TITLE STATEMENT
Title Quantitative expression analysis of stress responsive genes under cold stress in Hevea brasiliensis
260 ## - PUBLICATION, DISTRIBUTION, ETC. (IMPRINT)
Name of publisher Rubber Science
Year of publication 2012
300 ## - PHYSICAL DESCRIPTION
Number of Pages 199-213
500 ## - GENERAL NOTE
General note Source Year: 2012
650 ## - SUBJECT ADDED ENTRY--TOPICAL TERM
Topical Term Cold stress
650 ## - SUBJECT ADDED ENTRY--TOPICAL TERM
Topical Term Cold stress
650 ## - SUBJECT ADDED ENTRY--TOPICAL TERM
Topical Term Gene expression
650 ## - SUBJECT ADDED ENTRY--TOPICAL TERM
Topical Term Gene expression
650 ## - SUBJECT ADDED ENTRY--TOPICAL TERM
Topical Term rPCR analysis
650 ## - SUBJECT ADDED ENTRY--TOPICAL TERM
Topical Term rPCR analysis
700 ## - ADDED ENTRY--PERSONAL NAME
Personal name Annamalainathan K
700 ## - ADDED ENTRY--PERSONAL NAME
Personal name Jacob James
700 ## - ADDED ENTRY--PERSONAL NAME
Personal name Kuruvilla Linu
700 ## - ADDED ENTRY--PERSONAL NAME
Personal name Luke Lisha P
700 ## - ADDED ENTRY--PERSONAL NAME
Personal name Satheesh P R
700 ## - ADDED ENTRY--PERSONAL NAME
Personal name Thomas M
942 ## - ADDED ENTRY ELEMENTS (KOHA)
Koha item type Articles
Holdings
Withdrawn status Lost status Damaged status Not for loan Home library Current library Shelving location Date acquired Serial Enumeration / chronology Koha item type
      Articles RRII Library RRII Library Physiology 05/03/2013 Volume 25, Issue 2 Articles